000
00318 a2200157 4500
001
181761
020
_a
040
_c
Magnum
100
_a
Souza, Flavio de
240
1
0
_a
Meu heroi
_l
por
245
1
0
_a
Meu heroi
362
0
_a
1899
440
1
_a
Moderna
697
_a
MAGNITO: IJ/AVENTURA, CRIANCAS
942
_c
BK
999
_c
181761
_d
181761